[Event "Budapest op 08"]
[Site "Budapest"]
[Date "2012.08.22"]
[Round "6"]
[White "Lakat, Gyula"]
[Black "Nebenfuhrer, Gyorgy"]
[Result "1-0"]
[WhiteElo "1896"]
[BlackElo "1689"]
[PlyCount "73"]
[EventDate "2012.08.18"]
[EventType "swiss"]
[EventRounds "9"]
[EventCountry "HUN"]
[SourceTitle "EXT 2014"]
[Source "ChessBase"]
[SourceDate "2013.11.20"]
[SourceVersion "1"]
[SourceVersionDate "2013.11.20"]
[SourceQuality "1"]

1. e4 c5 2. Nf3 e6 3. d4 cxd4 4. Nxd4 g6 5. c4 Bg7 6. Nc3 d6 7. Be3 Nd7 8. Be2 Ngf6 9. f3 Qb6 10. Qd2 Nc5 11. Ndb5 Bf8 12. b4 a6 13. bxc5 dxc5 14. Na3 Qc6 15. 0-0 Bg7 16. e5 Nd7 17. f4 0-0 18. Bf3 Qc7 19. Rab1 Nxe5 20. fxe5 Bxe5 21. g3 Rd8 22. Qc2 f5 23. Rfd1 Bd4 24. Bxd4 cxd4 25. Na4 Rb8 26. Nb6 Qc5 27. Qd3 e5 28. Bd5+ Kh8 29. Nc2 Rd6 30. Nxc8 Qxc8 31. Nxd4 Qc5 32. Kg2 Rxd5 33. cxd5 Qxd5+ 34. Nf3 Qxd3 35. Rxd3 e4 36. Rd7 exf3+ 37. Kxf3 1-0

[Event "Budapest op 08"]
[Site "Budapest"]
[Date "2012.08.20"]
[Round "3"]
[White "Nebenfuhrer, Gyorgy"]
[Black "Karacsonyi, Gellert"]
[Result "0-1"]
[WhiteElo "1689"]
[BlackElo "1461"]
[PlyCount "110"]
[EventDate "2012.08.18"]
[EventType "swiss"]
[EventRounds "9"]
[EventCountry "HUN"]
[SourceTitle "EXT 2014"]
[Source "ChessBase"]
[SourceDate "2013.11.20"]
[SourceVersion "1"]
[SourceVersionDate "2013.11.20"]
[SourceQuality "1"]

1. c4 f5 2. d4 Nf6 3. Nc3 g6 4. Bf4 Bg7 5. Nf3 0-0 6. e3 d6 7. Bd3 Qe8 8. 0-0 c6 9. Qb3 Kh8 10. h3 Nbd7 11. Ng5 Nb6 12. a4 e5 13. Bh2 h6 14. a5 Nxc4 15. Bxc4 hxg5 16. dxe5 dxe5 17. f3 g4 18. h4 Nh5 19. fxg4 fxg4 20. Ne4 Bf5 21. Nd6 Qe7 22. Nxf5 gxf5 23. e4 Qxh4 24. g3 Qg5 25. Rxf5 Rxf5 26. exf5 Qxf5 27. Rf1 Qe4 28. Be6 Qd4+ 29. Kg2 Qe4+ 30. Kg1 Bh6 31. Rf5 Be3+ 32. Kf1 Qh1+ 33. Ke2 Qxh2+ 34. Kd3 Rd8+ 35. Kc4 Rd4+ 36. Kc5 Rd3+ 37. Kb4 Rxb3+ 38. Bxb3 Qd2+ 39. Ka4 b5+ 40. axb6 axb6 41. Rxh5+ Bh6 42. Ka3 b5 43. Ka2 Kg7 44. Rxe5 Qd3 45. Re7+ Kf6 46. Re6+ Kg7 47. Rxc6 Qxg3 48. Rb6 Qd3 49. Rb7+ Kf8 50. Rf7+ Ke8 51. Rf6 g3 52. Rxh6 g2 53. Re6+ Kd7 54. Re1 Qf1 55. Rxf1 gxf1Q 0-1

[Event "Budapest Karacsonyi op 3rd"]
[Site "Budapest"]
[Date "2011.12.30"]
[Round "7"]
[White "Lovas, Miklos"]
[Black "Nebenfuhrer, Gyorgy"]
[Result "1-0"]
[WhiteElo "1864"]
[BlackElo "1562"]
[PlyCount "85"]
[EventDate "2011.12.27"]
[EventType "swiss"]
[EventRounds "7"]
[EventCountry "HUN"]
[SourceTitle "EXT 2020"]
[Source "ChessBase"]
[SourceDate "2019.10.17"]
[SourceVersion "1"]
[SourceVersionDate "2019.10.17"]
[SourceQuality "1"]

1. e4 e5 2. Nf3 Nc6 3. Bc4 Nf6 4. d4 Nxe4 5. dxe5 Bc5 6. 0-0 0-0 7. Bd5 Nxe5 8. Bxe4 Nxf3+ 9. Qxf3 c6 10. Qh5 f5 11. Bxf5 h6 12. Qg6 Rf6 13. Qh7+ Kf7 14. Nd2 d5 15. Bxc8 Rxc8 16. Nf3 Qc7 17. Qd3 Kg8 18. b3 Bd6 19. Bb2 Rf7 20. Rae1 Rcf8 21. Re3 Bf4 22. Be5 Bxe5 23. Nxe5 Rf6 24. Qe2 d4 25. Re4 c5 26. Ng4 Rg6 27. f3 h5 28. Nf2 Qf7 29. Qc4 b5 30. Qxf7+ Rxf7 31. Re8+ Kh7 32. Re5 Rc7 33. Rxh5+ Kg8 34. Rd1 Ra6 35. Ne4 Rxa2 36. Rxc5 Rxc5 37. Nxc5 Rxc2 38. Ne6 Rc6 39. Nxd4 Rd6 40. Kf2 Kf7 41. Ke2 a6 42. Ke3 a5 43. Ra1 1-0

[Event "Budapest op 1st"]
[Site "Budapest"]
[Date "2011.08.22"]
[Round "3"]
[White "Kalmar, Karoly"]
[Black "Nebenfuhrer, Gyorgy"]
[Result "1-0"]
[WhiteElo "2023"]
[BlackElo "1605"]
[PlyCount "53"]
[EventDate "2011.08.20"]
[EventType "swiss"]
[EventRounds "9"]
[EventCountry "HUN"]
[SourceTitle "EXT 2022"]
[Source "ChessBase"]
[SourceDate "2021.10.06"]
[SourceVersion "1"]
[SourceVersionDate "2021.10.06"]
[SourceQuality "1"]

1. e4 e5 2. Nf3 Nc6 3. Be2 Nf6 4. d3 Be7 5. 0-0 d5 6. Nbd2 d4 7. Nc4 Nd7 8. a4 0-0 9. c3 f5 10. exf5 Rxf5 11. Qb3 Nc5 12. Qc2 dxc3 13. bxc3 Qd5 14. Ne3 Qf7 15. Nxf5 Bxf5 16. Nd2 Bf6 17. Ne4 Be7 18. Be3 Nb3 19. Rab1 Nca5 20. Bf3 c5 21. c4 Nd4 22. Bxd4 cxd4 23. Rb5 Nc6 24. Rfb1 Bc8 25. Nc5 Qg6 26. Nxb7 Rb8 27. Bxc6 1-0